000
00334nam a2200145Ia 4500
100
_a
Blakeslee/ Thomas R
942
_c
BK
654
_a
MSI&LSI
245
_a
Digital design with standard MSI&LSI
260
_b
John wiley and sons
_a
New York
_c
1979
082
_a
621.3819584
_b
BL
300
_a
384
546
_a
ENGLISH
999
_c
24459
_d
24459